00588nam a2200193 a 4500001001300000003000900013005001700022008004100039020002300080082001800103100001800121245010600139260004000245300001000285500003500295505002700330650001900357700001800376nice12345678IN_TiNIC20260116014535.0130515s2013 dela grp 000 0 eng  a9788187358725c75000a266.0954bLIE aLiebau, Heike aCultural Encounters in Indiab The Local Co-Workers of the Tranquebar Mission, 18th to 19th Centuries aDelhi bSocial Science Press c2013 a558p  aincludes index and biblioraphy2 aBibliography, Glossary aMissions-India1 aLiebau, Heike